| 000 | 00902nam a2200229 a 4500 | ||
|---|---|---|---|
| 001 | 000015128 | ||
| 005 | 20240409073638.0 | ||
| 008 | 100201t2002 dr c r 001 0cspa d | ||
| 020 | _a9993458023 | ||
| 040 |
_aDO-SdBNP _bspa _cBNPHU |
||
| 082 |
_a972.9305 _bP453p |
||
| 100 | 1 |
_aPerozo, Alfonsina _934231 |
|
| 245 | 1 | 4 |
_aLos Perozo : _bsu exterminio por la dictadura de Trujillo : mis vivencias / _cAlfonsina Perozo ; prólogo Bernardo Vega. |
| 260 |
_aSanto Domingo : _bCentenario, _c2002. |
||
| 300 |
_a191 p. : _bretrs. ; _c21 cm. |
||
| 500 | _aIncluye datos biográficos de la autora en la solapa de la cubierta. | ||
| 600 | 1 | 4 |
_aPEROZO (FAMILIA) _xHISTORIA _934232 |
| 650 | 4 |
_aPersecuciones políticas _zRepública Dominicana _928992 |
|
| 650 | 4 |
_aHomicidio político _zRepública Dominicana _911383 |
|
| 700 | 1 |
_aVega, Bernardo, _d1938 - _epról. _93222 |
|
| 910 | _aValidado. Control de calidad. EMS | ||
| 999 |
_c14700 _d14700 |
||